| 000 | 00546nam a2200157Ia 4500 | ||
|---|---|---|---|
| 008 | 160316s1997 xxu||||| |||| 00| 0 eng d | ||
| 082 |
_a306.200000 _bIRV |
||
| 100 | _aIrving Helen | ||
| 245 | _aTo constitute a nation : A cultural history of Australisa's constitution | ||
| 250 | _a | ||
| 260 |
_aCambridge _bCambridge University Press _c1997 |
||
| 300 |
_a257p _b _cxii |
||
| 365 | _bRs.1,008.58 | ||
| 650 | _a1. Political Culture - Australia - History 2. Constitutional History - Australia 3. Politics - Government - Australia | ||
| 700 |
_a _a |
||
| 999 |
_c14862 _d14862 |
||